| 000 | 00000nas 2200000zi 4500 |
| 001 | 9.936918 |
| 003 | CaOODSP |
| 005 | 20240418110243 |
| 006 | m o d f |
| 007 | cr ||||||||||| |
| 008 | 240416d20182020mbctr p o f0###a0eng|d |
| 040 | |aCaOODSP|beng|erda|cCaOODSP |
| 043 | |an-cn--- |
| 086 | 1 |aCC192-4E-PDF |
| 110 | 2 |aFreshwater Fish Marketing Corporation (Canada)|eauthor, |eissuing body. |
| 245 | 10|a... quarter report : |bfor the period ended ... / |cFreshwater Fish Marketing Corporation. |
| 246 | 1 |iIssues for 2019/2020 have title: |aFreshwater Fish Marketing Corporation : |bfor the period ended ... |
| 264 | 1|a[Winnipeg] : |bFreshwater Fish Marketing Corporation, |c[2018]-[2020] |
| 310 | |aThree times a year |
| 336 | |atext|btxt|2rdacontent |
| 337 | |acomputer|bc|2rdamedia |
| 338 | |aonline resource|bcr|2rdacarrier |
| 362 | 1 |aBegan with: 1st quarter (July 31, 2018); ceased with: [3rd quarter] (January 31, 2020). |
| 500 | |aReport year ends April 30. |
| 500 | |aIssued also in French under title: Rapport du ... trimestre : pour la période terminée le ... |
| 588 | |aDescription based on: 1st quarter (July 31, 2018); title from PDF cover page. |
| 588 | |aLatest issue consulted: [3rd quarter] (January 31, 2020). |
| 610 | 20|aFreshwater Fish Marketing Corporation (Canada)|xFinance|vPeriodicals. |
| 650 | 0|aFinance, Public|zCanada|vPeriodicals. |
| 655 | 7|aPeriodicals|2lcgft |
| 775 | 08|tRapport du ... trimestre : |w(CaOODSP)9.936927 |
| 785 | 00|t... quarter financial report : |w(CaOODSP)9.936942 |